00734naa a2200193 i 450000100060000000300090000600500170001500800390003201500180007104000270008908000120011608000120012810001200014024500680026065000150032877301670034394200130051099900170052310124KOSZ 00520180416132200.0051124s2004 pl a f f |000 0 pol aPB 2005/20081 aWA NcBPKdKOSZ 005/EG a339.138 a(075.8)1 aCZERWIŃSKI, Jerzy.bPolitechnika Koszalińska - Instytut Ekonomii i Zarządzania,cZakład Marketingud1997 - .10aPodstawowe elementy planu marketingowego /cJerzy Czerwiński. 0aMarketing.0 iW :tMarketing w zarysie : praca zbiorowa / pod red. nauk. Włodzimierza Delugi. -dKoszalin : Wydaw. Uczelniane Politechniki Koszalińskiej, 2004. -gs. 209-242 2UKDcROZ c10124d10124